Visualizzazione normale
Vista MARC
- Sosa, Arturo,
di Personal Name
Records bibliografici associati: 1
001 - CONTROL NUMBER
- control field: 70859
003 - CONTROL NUMBER IDENTIFIER
- control field: IT-RoINE
005 - DATE AND TIME OF LATEST TRANSACTION
- control field: 20220126124544.0
008 - FIXED-LENGTH DATA ELEMENTS
- fixed length control field: 220126|| aca||aabn | a|a d
040 ## - CATALOGING SOURCE
- Original cataloging agency: IT-RoINE
- Transcribing agency: IT-RoINE
100 ## - HEADING--PERSONAL NAME
- Personal name: Sosa, Arturo,
- Titles and other words associated with a name: S.I.,
- Dates associated with a name: 1948-
- Form subdivision: Entrevistas
670 ## - SOURCE DATA FOUND
- Source citation: Work cat.: (IT-RoINE)36558: Sosa, Arturo, S.I., 1948- 70856, En camino con Ignacio / , 2021.